BIBLIOTHÈQUE DE LA MAISON DU MEXIQUE

Logo 1 Logo 2

La economía mexicana en la época de Juárez (notice nᵒ 10427)

détails MARC
000 -Sello discográfico
campo de control de longitud fija 01152nam a2200337 4500
005 - Identificación de versión
campo de control 20251017062804.0
035 ## - Otros números de control del sistema
Número de control del sistema 10591
099 ## - fechas locales
Tipo de ítem Koha LIBRO
100 ## - Datos de procesamiento general
Datos de procesamiento general 20040107d1976 m y1spay5003 ba
105 ## - Campo de datos codificados: Material textual, monográfico
Datos codificados de monografía a 001zy
200 1# - Título y mención de responsabilidad
Título propio La economía mexicana en la época de Juárez
Designación general del material texto impreso
Primer mención de responsabilidad Luis González, Enrique Florescano, María del Rosario Lanzagorta, ... [et al.]
205 ## - Declaración de edición
Declaración de edición 1a ed
210 ## - Publicación, distribución, etc.
Lugar de publicación, distribución, etc. México
Nombre del editor, distribuidor, etc. Secretaría de Educación Pública
Fecha de publicación, distribución, etc. 1976
215 ## - Descripción física
Designación de material específico y extensión del ítem 190 p
Otras características físicas il.
Dimensiones 17 cm
345 ## - Nota de información de adquisición
Fuente de adquisición/dirección de la suscripción [OBSOLETO] Donación
410 #1 - Series
Título SepSetentas
Número de volumen 236
600 ## - Nombre personal usado como materia
Elemento de entrada Juárez García
Parte del nombre distinta del elemento de entrada Benito Pablo
Fechas 1806-1872
Adiciones al nombre que no sean fechas pres. México
Número Koha 2398
607 ## - Nombre geográfico utilizado como tema
Elemento de entrada México
Subdivisión temática Historia
Número Koha 112
607 ## - Nombre geográfico utilizado como tema
Elemento de entrada México
Subdivisión temática Política económica
Número Koha 673
660 ## - Código de área geográfica
Código MX
700 ## - Nombre personal - Responsabilidad primaria
Elemento de entrada González y González
Parte del nombre distinta del elemento de entrada Luis
Fechas 1925-2003
Número Koha 2695
701 ## - Nombre personal - Responsabilidad alternativa
Elemento de entrada Florescano Mayet
Parte del nombre distinta del elemento de entrada Enrique
Fechas 1937-2023
Número Koha 981
701 ## - Nombre personal - Responsabilidad alternativa
Elemento de entrada Lanzagorta
Parte del nombre distinta del elemento de entrada María del Rosario
Número Koha 16179
801 #0 - Fuente de origen
País FR
Agencia cm
Reglas de catalogación (convenciones descriptivas) AFNOR
900 ## -
-- 1/5820
900 ## -
-- 7100417581\070104
942 ## - ELEMENTOS DE ENTRADA SECUNDARIOS (KOHA)
Tipo de ítem Koha Livre
996 ## -
-- MEX
-- 751145101
-- MMAG
-- 001377
-- 082 S479 V.236
-- 20120116LIV
Exemplaires
Estatus retirado Estado de daño Estado de pérdida Fecha de adquisición Biblioteca de origen Biblioteca actual Ubicación en estantería Código de barras Precio de reemplazo Signatura topográfica completa No para préstamo Tipo de ítem Koha Nota pública Nota no pública
      05/08/2025 Casa México Paris Casa México Paris   001377 05/08/2025 082 S479 V.236   Livre 20120116LIV 751145101